Ulice w Gdyni według opisu - Statystyki

Ogólne statystyki
  • Ten quiz został rozwiązany 27 razy
  • Średni wynik to 18 z 25
Statystyki odpowiedzi
Opis Ulica % Poprawnych
Nazwana na cześć Zbyszka Godlewskiego, poległego w Grudniu '70 Janka Wiśniewskiego
100%
Łączy centrum miasta z np. Grabówkiem i Chylonią Morska
100%
Reprezentacyjna ulica Śródmieścia, najbardziej znana gdyńska ulica Świętojańska
100%
Odchodząc od Obwodnicy Trójmiasta prowadzi na Obłuże Estakada Kwiatkowskiego
90%
Ważna ulica przemysłowa, na terenie m.in. Chyloni Hutnicza
90%
Część DW474 na Małym Kacku i części Orłowa Wielkopolska
85%
Przy niej znajduje się cmentarz witomiński Witomińska
85%
Łączy Orłowo ze Śródmieściem Al. Zwycięstwa
80%
Jedna z dłuższych, łączy Dąbrowę z Wiczlinem Wiczlińska
80%
Prosta aleja, później przechodzi w Skwer Kościuszki 10 Lutego
75%
Nazwana na cześć polskiego króla z lat 1632-1648 Władysława IV
75%
Aleja prowadząca z centrum do Domu Marynarza Al. Piłsudskiego
70%
Przebiega przez Cisową i Chylonię, dwupasmowa Chylońska
70%
Ulica dojazdowa na Witomino, odchodzi od Węzła Franciszki Cegielskiej Kielecka
70%
Na odcinku stanowi granicę Gdyni (Pogórze Górne) i Pogórza Płk. Stanisława Dąbka
70%
Łączy Węzeł Franciszki Cegielskiej z Węzłem Pokoju Śląska
70%
Łączy Witomino z Chwarznem i Obwodnicą Trójmiasta Chwarznieńska
65%
Najstarsza ulica w Gdyni Starowiejska
65%
Główna ulica łącząca Pogórze Dolne z Oksywiem Adm. Józefa Unruga
60%
Główna ulica łącząca Dąbrowę z Karwinami i Wielkim Kackiem Nowowiczlińska
60%
Jedna z ważniejszych ulic portu, znajduje się przy niej Muzeum Emigracji Polska
60%
Prowadzi z Małego Kacku na sopockie Brodwino Sopocka
60%
Część DW474 na granicy Karwin i Wielkiego Kacku Chwaszczyńska
55%
Łączy Kamienną Górę, Wzgórze św. Maksymiliana i Redłowo Legionów
55%
Otwarta w 2008 obwodnica centrum miasta Droga Gdyńska
45%
Nie znaleziono quizów pasujących do podanych kryteriów
Rozkład punktacji
Procent ludzi z każdym wynikiem
Percentyl według liczby udzielonych odpowiedzi
Twoja historia wyników
Nie rozwiązałeś tego quizu